| 000 | 00896nas a2200289 4500 | ||
|---|---|---|---|
| 001 | BR9510253 | ||
| 003 | BR-BrBNA | ||
| 005 | 20231205095546.0 | ||
| 007 | ta | ||
| 008 | 230509b bl.|||p| |||| 00| 00por d | ||
| 040 |
_aBR-BrBNA _bpor _cBiblioteca Nacional de Agricultura |
||
| 041 | _a(Pt) | ||
| 072 | _aL02 | ||
| 100 | 1 | _aPereira, L.E. de J. | |
| 100 | 1 | _aDonzele, J.L. | |
| 100 | 1 | _aMello, H.V. de | |
| 100 | 1 | _aLeao, M.I. | |
| 245 | 1 | _aFarinha de visceras de aves em substituicao ao farelo de soja na alimentacao de suinos em crescimento e terminacao | |
| 650 | _aSUÍNO | ||
| 650 | _aCrescimento | ||
| 650 | _aFarinha de Viscera | ||
| 650 | _aFarelo | ||
| 650 | _aSoja | ||
| 773 | 0 |
_tRevista da Sociedade Brasileira de Zootecnia (Brazil) _xISSN 0100-4859 _g(Nov-Dec 1994), v. 23(6) p. 930-939 _wBR9510253 |
|
| 909 |
_a202311 _bLúcia _c55 _dLúcia Elande |
||
| 942 |
_2AGRIS _n0 _cANA |
||
| 999 |
_c151352 _d151352 |
||